| 000 | 00458cam a2200181ua 4500 | ||
|---|---|---|---|
| 001 | 11624 | ||
| 008 | 191012n ii |||gr||||Z||||||asm | ||
| 040 | _cMAIN | ||
| 082 | _a891.4513 | ||
| 100 |
_aHitesh Deka, _eAuthor. |
||
| 245 |
_aAchal manuh _cBy Hitesh Deka |
||
| 250 | _a13th ed. | ||
| 260 |
_aGuwahati: _bChandra publisher, _c2016. |
||
| 300 | _a292p. | ||
| 653 | _aEast Indo-European & Celtic literatures | ||
| 653 | _aAssamese Novel | ||
| 942 | _cBK | ||
| 999 |
_c10438 _d10438 |
||